Racing Tracks/Circuits by Onboard #3 (SVG) - Statistics

General Stats
  • This quiz has been taken 77 times
  • The average score is 4 of 10
Answers on the Map
Answers color-coded by a green-red scale on the quiz's map according to % correct below.
 
Answer Stats
Answer % Correct
Hockenheimring
71%
Yas Marina Circuit
58%
Circuit Gilles Villeneuve
56%
Mugello Circuit
56%
Brands Hatch
44%
Hungaroring
37%
Fuji Speedway
34%
Martinsville Speedway
29%
Sepang International Circuit
29%
Tempelhof Airport Street Circuit
14%
No matching quizzes found
Score Distribution
Percent of People with Each Score
Percentile by Number Answered
Your Score History
You have not taken this quiz